[Event "Thessaloniki/Chalkidiki-chT"]
[Site "Thessaloniki/Chalkidiki"]
[Date "2019.02.24"]
[Round "6.5"]
[White "Chalatziouka, Eleni"]
[Black "Anerousi, Maria"]
[Result "0-1"]
[WhiteElo "1335"]
[BlackElo "1809"]
[PlyCount "116"]
[EventDate "2019.01.13"]
[EventType "team-tourn"]
[EventRounds "9"]
[EventCountry "GRE"]
[SourceTitle "EXT 2020"]
[Source "ChessBase"]
[SourceDate "2019.10.17"]
[SourceVersion "1"]
[SourceVersionDate "2019.10.17"]
[SourceQuality "1"]
[WhiteTeam "Thessaloniki Aris"]
[BlackTeam "Papafi Chronikos"]
[WhiteTeamCountry "GRE"]
[BlackTeamCountry "GRE"]

1. d4 Nf6 2. Bf4 d6 3. Nc3 g6 4. e4 Bg7 5. Qd2 Nbd7 6. 0-0-0 c5 7. dxc5 Nxc5 8. f3 0-0 9. Bh6 Qa5 10. Bxg7 Kxg7 11. h4 Be6 12. a3 h5 13. Nge2 Rac8 14. Nd4 Bd7 15. Kb1 Na4 16. Nxa4 Qxa4 17. Bd3 e5 18. Ne2 a6 19. Nc3 Qc6 20. Rdg1 d5 21. Qe2 d4 22. Nd1 Be6 23. g4 b5 24. gxh5 Nxh5 25. Qd2 Bc4 26. Rh2 Bxd3 27. Qxd3 Nf4 28. Qd2 Rh8 29. Rg5 f6 30. Rg1 Qc4 31. Nf2 a5 32. Nd3 Nh5 33. Rhg2 Rh6 34. Qxa5 Nf4 35. Qd2 Qc7 36. Nxf4 exf4 37. Qd3 Qc4 38. Rd2 Rxh4 39. Qxc4 Rxc4 40. b3 Rc3 41. Rd3 Rxd3 42. cxd3 Rh2 43. a4 bxa4 44. bxa4 Rd2 45. Rf1 Rxd3 46. Rf2 Rb3+ 47. Ka2 Rc3 48. a5 Rc5 49. Kb3 Rxa5 50. Kb4 Ra1 51. Rd2 Re1 52. Rd3 Re3 53. Kc4 g5 54. Kxd4 Rxd3+ 55. Kxd3 Kg6 56. Ke2 f5 57. e5 g4 58. Kf2 Kf7 0-1